[Event "EYTCC U18 Open 2019"]
[Site "Pardubice"]
[Date "2019.07.14"]
[Round "4.28"]
[White "Morgunov, Marc"]
[Black "Omorjan, Dejan"]
[Result "1-0"]
[WhiteElo "2314"]
[BlackElo "2317"]
[Annotator "NA"]
[PlyCount "119"]
[EventDate "2019.07.11"]
[EventType "swiss"]
[EventCountry "CZE"]
[SourceTitle "playchess.com"]
[Source "ChessBase"]
[SourceQuality "1"]
[WhiteTeam "Austria"]
[BlackTeam "Serbia"]
[WhiteTeamCountry "AUT"]
[BlackTeamCountry "SRB"]
[TimeControl "40/5400+30:1800+30"]

1. e4 {[%emt 0:00:00]} c6 {[%emt 0:00:00]} 2. Nc3 {[%emt 0:00:03]} d5 {[%emt 0:00:00]} 3. Nf3 {[%emt 0:00:13]} Bg4 {[%emt 0:00:12]} 4. h3 {[%emt 0:00:06]} Bxf3 {[%emt 0:00:12]} 5. Qxf3 {[%emt 0:00:06]} e6 {[%emt 0:00:17]} 6. Be2 {[%emt 0:00:14]} Nd7 {[%emt 0:02:10]} 7. O-O {[%emt 0:00:18]} Ngf6 {[%emt 0:02:00]} 8. d4 {[%emt 0:00:12]} dxe4 {[%emt 0:06:05]} 9. Nxe4 {[%emt 0:00:10]} Nxe4 {[%emt 0:01:02]} 10. Qxe4 {[%emt 0:00:04]} Nf6 {[%emt 0:02:15]} 11. Qd3 {[%emt 0:00:06]} Qc7 {[%emt 0:01:51]} 12. c3 {[%emt 0:06:26]} Bd6 {[%emt 0:02:40]} 13. Re1 {[%emt 0:05:30]} O-O-O {[%emt 0:07:57]} 14. b4 {[%emt 0:08:26]} e5 {[%emt 0:12:33]} 15. Be3 {[%emt 0:13:31]} Kb8 {[%emt 0:06:08]} 16. Bf3 {[%emt 0:20:42]} h6 {[%emt 0:14:10]} 17. dxe5 {[%emt 0:08:23]} Bxe5 {[%emt 0:02:31]} 18. Bxa7+ {[%emt 0:02:52]} Kxa7 {[%emt 0:06:23]} 19. Qe3+ {[%emt 0:00:10]} Bd4 {[%emt 0:02:51]} 20. cxd4 {[%emt 0:00:09]} Qb6 {[%emt 0:07:50]} 21. Qa3+ {[%emt 0:04:58]} Qa6 {[%emt 0:04:50]} 22. Qxa6+ {[%emt 0:01:53]} Kxa6 {[%emt 0:00:09]} 23. Re7 {[%emt 0:00:12]} Rhf8 {[%emt 0:02:51]} 24. b5+ {[%emt 0:06:04]} cxb5 {[%emt 0:02:12]} 25. Bxb7+ {[%emt 0:00:22]} Kb6 {[%emt 0:04:31]} 26. Bf3 {[%emt 0:01:05]} Rxd4 {[%emt 0:01:18]} 27. Rb7+ {[%emt 0:00:27]} Kc5 {[%emt 0:05:51]} 28. Rc1+ {[%emt 0:02:11]} Rc4 {[%emt 0:00:37]} 29. Rb1 {[%emt 0:00:10]} Ne4 {[%emt 0:01:34]} 30. R7xb5+ {[%emt 0:07:44]} Kd6 {[%emt 0:00:45]} 31. Rd1+ {[%emt 0:00:03]} Kc7 {[%emt 0:00:37]} 32. Re5 {[%emt 0:00:30]} f5 {[%emt 0:00:43]} 33. Re7+ {[%emt 0:00:11]} Kb6 {[%emt 0:00:23]} 34. Rxg7 {[%emt 0:00:31]} Rc2 {[%emt 0:00:30]} 35. Rg6+ {[%emt 0:01:10]} Kc5 {[%emt 0:00:17]} 36. Rxh6 {[%emt 0:01:56]} Rxa2 {[%emt 0:00:17]} 37. Bxe4 {[%emt 0:01:31]} fxe4 {[%emt 0:00:04]} 38. Rh5+ {[%emt 0:00:17]} Kc6 {[%emt 0:01:02]} 39. Rf1 {[%emt 0:00:09]} Kd6 {[%emt 0:00:55]} 40. Rg5 {[%emt 0:01:30]} Rd2 {[%emt 0:00:30]} 41. Re1 {[%emt 0:30:39]} Rf4 {[%emt 0:05:41]} 42. Rg4 {[%emt 0:00:00]} Rxg4 {[%emt 0:02:22]} 43. hxg4 {[%emt 0:00:00]} Ke5 {[%emt 0:00:32]} 44. g3 {[%emt 0:00:00]} Kd4 {[%emt 0:02:21]} 45. Kf1 {[%emt 0:00:00]} Ra2 {[%emt 0:02:42]} 46. Re2 {[%emt 0:00:00]} Ra6 {[%emt 0:04:42]} 47. Rd2+ {[%emt 0:00:00]} Ke5 {[%emt 0:02:26]} 48. Ke2 {[%emt 0:00:00]} Rb6 {[%emt 0:00:57]} 49. g5 {[%emt 0:00:00]} Ra6 {[%emt 0:01:01]} 50. Rb2 {[%emt 0:00:00]} Kd4 {[%emt 0:01:18]} 51. g6 {[%emt 0:00:00]} Rxg6 {[%emt 0:00:58]} 52. Rb4+ {[%emt 0:00:00]} Kd5 {[%emt 0:01:24]} 53. Ke3 {[%emt 0:00:00]} Rg4 {[%emt 0:03:25]} 54. Rb5+ {[%emt 0:00:00]} Ke6 {[%emt 0:00:25]} 55. Rh5 {[%emt 0:00:00]} Kf6 {[%emt 0:00:24]} 56. Rh4 {[%emt 0:00:00]} Rxh4 {[%emt 0:00:43]} 57. gxh4 {[%emt 0:00:00]} Ke5 {[%emt 0:00:28]} 58. h5 {[%emt 0:00:00]} Kf5 {[%emt 0:00:06]} 59. h6 {[%emt 0:00:00]} Kg6 {[%emt 0:00:08]} 60. Kxe4 {[%emt 0:00:00]} 1-0

[Event "EYTCC U18 Open 2019"]
[Site "Pardubice"]
[Date "2019.07.14"]
[Round "4.29"]
[White "Van Foreest, Lucas"]
[Black "Erenberg, Ariel"]
[Result "1/2-1/2"]
[WhiteElo "2521"]
[BlackElo "2442"]
[Annotator "TA"]
[PlyCount "62"]
[EventDate "2019.07.11"]
[EventType "swiss"]
[EventCountry "CZE"]
[SourceTitle "playchess.com"]
[Source "ChessBase"]
[SourceQuality "1"]
[WhiteTeam "Netherlands"]
[BlackTeam "Israel"]
[WhiteTeamCountry "NED"]
[BlackTeamCountry "ISR"]

{[%evp 16,62,14,14,18,13,20,16,20,30,40,35,41,11,8,0,4,0,9,-9,25,15,10,0,0,0,0,0,0,-8,-5,-10,-11,-39,-55,-39,-45,-65,-62,-70,-59,-69,-25,-45,-38,-23,-24,-23,-28]} 1. e4 e5 2. Nf3 Nc6 3. Bb5 a6 4. Ba4 Nf6 5. O-O Be7 6. Re1 b5 7. Bb3 d6 8. a4 Bg4 9. c3 Na5 {C90: Closed Ruy Lopez with 7...d6: Early deviations} 10. Bc2 {[#]} b4 $1 {[%mdl 512]} 11. d4 (11. cxb4 Nc6) 11... O-O {The position is equal.} 12. h3 Bxf3 13. Qxf3 c5 14. dxc5 dxc5 15. Nd2 c4 16. Nf1 bxc3 17. Qxc3 Qb8 $146 {Strongly threatening ...Bb4.} ({Predecessor:} 17... Nc6 18. Qxc4 Rc8 19. Qd3 Nb4 20. Qxd8 Rfxd8 {½-½ (47) Sutovsky,E (2565)-Gyimesi,Z (2480) Medellin 1996}) 18. Bd2 ({But not} 18. Qxa5 $2 Bb4 $19) 18... Nc6 19. Qxc4 Nd4 {...Rc8 is the strong threat.} 20. Bd1 Qxb2 21. Bc3 Qb6 $36 {[%mdl 2048] Black has some pressure.} 22. Bxd4 Qxd4 23. Qxd4 exd4 24. e5 Bb4 25. Re2 Nd5 26. Bb3 Nc3 27. Rd2 Rad8 28. Rd3 Rfe8 29. Re1 $1 {[#]} Nxa4 $1 {[%mdl 512]} 30. Bxa4 {Threatens to win with Rb1.} Bxe1 31. Bxe8 Rxe8 {Accuracy: White = 63%, Black = 63%.} 1/2-1/2

[Event "EYTCC U18 Open 2019"]
[Site "Pardubice"]
[Date "2019.07.14"]
[Round "4.30"]
[White "Bronstein, Or"]
[Black "Kevlishvili, Robby"]
[Result "0-1"]
[WhiteElo "2378"]
[BlackElo "2480"]
[Annotator "TA"]
[PlyCount "58"]
[EventDate "2019.07.11"]
[EventType "swiss"]
[EventCountry "CZE"]
[SourceTitle "playchess.com"]
[Source "ChessBase"]
[SourceQuality "1"]
[WhiteTeam "Israel"]
[BlackTeam "Netherlands"]
[WhiteTeamCountry "ISR"]
[BlackTeamCountry "NED"]

{[%evp 9,66,0,22,10,14,13,7,8,16,14,24,16,10,22,8,12,13,5,33,-29,-15,-26,-16,-29,6,0,15,0,0,-2,0,-18,-34,-38,-33,-37,-22,-17,-27,-21,-29,-38,-32,-394,-381,-708,-677,-885,-870,-708,-259,-1278,-1257,-1184,-382,-1121,-1137,-862,-814]} 1. d4 d5 2. c4 c6 3. Nf3 Nf6 4. Qb3 e6 5. g3 c5 (5... dxc4 6. Qxc4 b5 7. Qb3 Bb7 8. Bg2 a6 9. a4 c5 10. axb5 c4 11. Qd1 axb5 12. Rxa8 Bxa8 13. O-O Be7 14. b3 cxb3 15. Qxb3 b4 16. Bb2 {½-½ (38) Caruana,F (2822)-Aronian,L (2767) Saint Louis 2018}) 6. Bg2 {D11: Slav Defence: 3 Nf3 sidelines and 3...Nf6 4 e3 Bg4} Nc6 $146 ({Predecessor:} 6... cxd4 7. cxd5 Nxd5 8. Nxd4 Bc5 9. Nb5 Nc6 10. O-O O-O 11. N1c3 a6 12. Nxd5 exd5 13. Nc3 {½-½ (43) Griffiths,R (2388)-Georgiev,V (2546) Sunny Beach 2013}) 7. cxd5 exd5 8. O-O {The position is equal.} c4 9. Qc2 h6 10. b3 cxb3 11. Qxb3 Be7 12. Nc3 O-O 13. Rd1 Bf5 14. Bf4 (14. Ne5 $14) 14... Na5 15. Qb2 Rc8 16. Ne5 Ne4 (16... b5 $5) 17. Nxe4 dxe4 18. g4 Bh7 $1 19. Bd2 Nc4 20. Qxb7 Nxd2 21. Rxd2 e3 $36 {[%mdl 2048] Black has the initiative.} 22. fxe3 Bg5 23. Qb3 Qa5 24. Rb2 Rc3 25. Qb4 Bxe3+ 26. Kh1 $2 {[%mdl 8192]} (26. Kf1 $1 $15 Qc7 27. Rb3 Rxb3 28. axb3) 26... Qc7 $1 $19 {Hoping for ...Rc1+.} 27. Rf1 $2 (27. Bd5 a5 28. Qb7 Bxd4 29. Nxf7 Rc1+ {[%mdl 64] Discovered Attack} 30. Kg2 Bxb2 31. Qxb2) 27... Rc1 $1 28. Nf3 Rxf1+ 29. Bxf1 {[#]} Qc1 {Played: Bh7-e4} 0-1

[Event "EYTCC U18 Open 2019"]
[Site "Pardubice"]
[Date "2019.07.14"]
[Round "4.31"]
[White "Vrolijk, Liam"]
[Black "Gorshtein, Ido"]
[Result "1/2-1/2"]
[WhiteElo "2478"]
[BlackElo "2367"]
[Annotator "ChessBase"]
[PlyCount "68"]
[EventDate "2019.07.11"]
[EventType "swiss"]
[EventCountry "CZE"]
[SourceTitle "playchess.com"]
[Source "ChessBase"]
[SourceQuality "1"]
[WhiteTeam "Netherlands"]
[BlackTeam "Israel"]
[WhiteTeamCountry "NED"]
[BlackTeamCountry "ISR"]
[TimeControl "40/5400+30:1800+30"]

1. d4 {[%emt 0:00:00]} Nf6 {[%emt 0:00:00]} 2. c4 {[%emt 0:00:00]} e6 {[%emt 0:00:00]} 3. Nf3 {[%emt 0:00:00]} Bb4+ {[%emt 0:00:00]} 4. Bd2 {[%emt 0:00:15]} Bxd2+ {[%emt 0:00:00]} 5. Qxd2 {[%emt 0:00:08]} O-O {[%emt 0:00:00]} 6. g3 {[%emt 0:00:25]} d6 {[%emt 0:01:05]} 7. Bg2 {[%emt 0:02:31]} Nc6 {[%emt 0:04:08]} 8. Nc3 {[%emt 0:01:33]} e5 {[%emt 0:00:28]} 9. O-O {[%emt 0:01:33]} Bg4 {[%emt 0:12:12]} 10. dxe5 {[%emt 0:01:07]} dxe5 {[%emt 0:12:02]} 11. Qe3 {[%emt 0:00:09]} Re8 {[%emt 0:11:58]} 12. Rad1 {[%emt 0:03:53]} Qe7 {[%emt 0:02:45]} 13. Nd5 {[%emt 0:00:22]} Nxd5 {[%emt 0:00:03]} 14. cxd5 {[%emt 0:00:07]} Bxf3 {[%emt 0:02:00]} 15. Qxf3 {[%emt 0:02:45]} Nd4 {[%emt 0:08:03]} 16. Qd3 {[%emt 0:01:40]} g6 {[%emt 0:07:55]} 17. Rc1 {[%emt 0:04:48]} Qd6 {[%emt 0:09:09]} 18. Rc3 {[%emt 0:06:16]} Re7 {[%emt 0:02:29]} 19. Rfc1 {[%emt 0:04:30]} Rd8 {[%emt 0:03:11]} 20. Be4 {[%emt 0:15:07]} a6 {[%emt 0:04:11]} 21. a4 {[%emt 0:08:40]} Qb6 {[%emt 0:02:49]} 22. e3 {[%emt 0:03:39]} Nc6 {[%emt 0:00:52]} 23. Qc4 {[%emt 0:07:18]} Nb4 {[%emt 0:02:03]} 24. Qb3 {[%emt 0:08:03]} a5 {[%emt 0:03:06]} 25. Rc5 {[%emt 0:00:25]} Rdd7 {[%emt 0:01:53]} 26. Qc4 {[%emt 0:02:20]} Kg7 {[%emt 0:01:09]} 27. Bg2 {[%emt 0:03:06]} h5 {[%emt 0:04:58]} 28. h4 {[%emt 0:03:22]} c6 {[%emt 0:00:47]} 29. dxc6 {[%emt 0:02:18]} bxc6 {[%emt 0:00:03]} 30. Qb3 {[%emt 0:04:55]} Qd8 {[%emt 0:01:01]} 31. Bxc6 {[%emt 0:01:49]} Rd3 {[%emt 0:00:26]} 32. Qc4 {[%emt 0:03:26]} Rd1+ {[%emt 0:01:22]} 33. Kh2 {[%emt 0:00:49]} Rd2 {[%emt 0:00:32]} 34. Kg1 {[%emt 0:02:30]} Rd1+ {[%emt 0:00:33]} 1/2-1/2

[Event "EYTCC U18 Open 2019"]
[Site "Pardubice"]
[Date "2019.07.14"]
[Round "4.32"]
[White "Globus, Or"]
[Black "Van Dael, Siem"]
[Result "1-0"]
[WhiteElo "2352"]
[BlackElo "2319"]
[Annotator "NA"]
[PlyCount "47"]
[EventDate "2019.07.11"]
[EventType "swiss"]
[EventCountry "CZE"]
[SourceTitle "playchess.com"]
[Source "ChessBase"]
[SourceQuality "1"]
[WhiteTeam "Israel"]
[BlackTeam "Netherlands"]
[WhiteTeamCountry "ISR"]
[BlackTeamCountry "NED"]
[TimeControl "40/5400+30:1800+30"]

1. d4 {[%emt 0:00:00]} Nf6 {[%emt 0:00:00]} 2. c4 {[%emt 0:00:05]} g6 {[%emt 0:00:00]} 3. Nc3 {[%emt 0:00:50]} Bg7 {[%emt 0:00:00]} 4. g3 {[%emt 0:00:16]} O-O {[%emt 0:00:20]} 5. Bg2 {[%emt 0:00:09]} d6 {[%emt 0:00:13]} 6. Nf3 {[%emt 0:00:06]} Nbd7 {[%emt 0:00:16]} 7. O-O {[%emt 0:00:34]} e5 {[%emt 0:00:14]} 8. e4 {[%emt 0:00:19]} Re8 {[%emt 0:01:06]} 9. h3 {[%emt 0:00:36]} exd4 {[%emt 0:00:10]} 10. Nxd4 {[%emt 0:00:05]} a6 {[%emt 0:00:09]} 11. Be3 {[%emt 0:01:08]} Rb8 {[%emt 0:00:35]} 12. b3 {[%emt 0:01:21]} c5 {[%emt 0:07:45]} 13. Nde2 {[%emt 0:04:21]} b5 {[%emt 0:02:50]} 14. Qxd6 {[%emt 0:02:42]} b4 {[%emt 0:03:04]} 15. Na4 {[%emt 0:01:16]} Nxe4 {[%emt 0:14:01]} 16. Bxe4 {[%emt 0:00:09]} Rxe4 {[%emt 0:00:19]} 17. Rad1 {[%emt 0:00:35]} Qe8 {[%emt 0:28:05]} 18. Nf4 {[%emt 0:00:13]} Be5 {[%emt 0:10:01]} 19. Qc6 {[%emt 0:06:36]} Bd4 {[%emt 0:02:38]} 20. Nxc5 {[%emt 0:09:09]} Rxe3 {[%emt 0:07:26]} 21. Rxd4 {[%emt 0:04:11]} Rxg3+ {[%emt 0:02:53]} 22. Ng2 {[%emt 0:05:34]} Rb6 {[%emt 0:18:14]} 23. Qc7 {[%emt 0:03:29]} Rxg2+ {[%emt 0:00:37]} 24. Kxg2 {[%emt 0:00:08]} 1-0

[Event "EYTCC U18 Open 2019"]
[Site "Pardubice"]
[Date "2019.07.14"]
[Round "4.33"]
[White "Engel, Luis"]
[Black "Willow, Jonah B"]
[Result "1-0"]
[WhiteElo "2509"]
[BlackElo "2343"]
[Annotator "ChessBase"]
[PlyCount "41"]
[EventDate "2019.07.11"]
[EventType "swiss"]
[EventCountry "CZE"]
[SourceTitle "playchess.com"]
[Source "ChessBase"]
[SourceQuality "1"]
[WhiteTeam "Germany"]
[BlackTeam "England"]
[WhiteTeamCountry "GER"]
[BlackTeamCountry "ENG"]
[TimeControl "40/5400+30:1800+30"]

1. e4 {[%emt 0:00:00]} c5 {[%emt 0:00:00]} 2. Nf3 {[%emt 0:00:00]} e6 {[%emt 0:00:00]} 3. d4 {[%emt 0:00:00]} cxd4 {[%emt 0:00:00]} 4. Nxd4 {[%emt 0:00:00]} Nc6 {[%emt 0:00:00]} 5. Nc3 {[%emt 0:00:00]} Qc7 {[%emt 0:00:00]} 6. Be2 {[%emt 0:00:00]} Nf6 {[%emt 0:00:00]} 7. Be3 {[%emt 0:00:03]} Be7 {[%emt 0:00:07]} 8. f4 {[%emt 0:00:18]} d6 {[%emt 0:00:22]} 9. Qd2 {[%emt 0:00:07]} O-O {[%emt 0:00:54]} 10. O-O-O {[%emt 0:00:06]} a6 {[%emt 0:02:30]} 11. g4 {[%emt 0:00:25]} b5 {[%emt 0:11:14]} 12. g5 {[%emt 0:01:58]} Nd7 {[%emt 0:01:27]} 13. Nxc6 {[%emt 0:01:20]} Qxc6 {[%emt 0:00:05]} 14. a3 {[%emt 0:00:10]} Rb8 {[%emt 0:20:43]} 15. f5 {[%emt 0:04:40]} a5 {[%emt 0:02:31]} 16. f6 {[%emt 0:03:57]} gxf6 {[%emt 0:00:39]} 17. gxf6 {[%emt 0:00:10]} Bxf6 {[%emt 0:02:27]} 18. Rhg1+ {[%emt 0:05:01]} Kh8 {[%emt 0:00:14]} 19. Bh6 {[%emt 0:02:12]} Rd8 {[%emt 0:17:37]} 20. Bh5 {[%emt 0:06:13]} b4 {[%emt 0:05:49]} 21. Qg2 {[%emt 0:01:13]} 1-0

[Event "EYTCC U18 Open 2019"]
[Site "Pardubice"]
[Date "2019.07.14"]
[Round "4.34"]
[White "Derakhshani, Borna"]
[Black "Buckels, Valentin"]
[Result "0-1"]
[WhiteElo "2300"]
[BlackElo "2451"]
[Annotator "RC"]
[PlyCount "72"]
[EventDate "2019.07.11"]
[EventType "swiss"]
[EventCountry "CZE"]
[SourceTitle "playchess.com"]
[Source "ChessBase"]
[SourceQuality "1"]
[WhiteTeam "England"]
[BlackTeam "Germany"]
[WhiteTeamCountry "ENG"]
[BlackTeamCountry "GER"]
[TimeControl "40/5400+30:1800+30"]

1. Nf3 {[%emt 0:00:00]} d5 {[%emt 0:00:00]} 2. d4 {[%emt 0:00:00]} e6 {[%emt 0:00:00]} 3. Bf4 {[%emt 0:00:00]} Bd6 {[%emt 0:00:54]} 4. Bg3 {[%emt 0:00:00]} Nf6 {[%emt 0:00:06]} 5. Nbd2 {[%emt 0:00:24]} c5 {[%emt 0:01:35]} 6. e3 {[%emt 0:00:11]} O-O {[%emt 0:00:19]} 7. c3 {[%emt 0:00:22]} Qc7 {[%emt 0:00:39]} 8. Ne5 {[%emt 0:04:08]} Nbd7 {[%emt 0:01:29]} 9. f4 {[%emt 0:00:39]} Ne4 {[%emt 0:02:03]} 10. Bd3 {[%emt 0:04:20]} Ndf6 {[%emt 0:04:17]} 11. O-O {[%emt 0:02:02]} b6 {[%emt 0:06:49]} 12. Bh4 {[%emt 0:01:02]} Bb7 {[%emt 0:06:34]} 13. Bxf6 {[%emt 0:02:19]} gxf6 {[%emt 0:12:09]} 14. Bxe4 {[%emt 0:06:13]} dxe4 {[%emt 0:01:34]} 15. Nec4 {[%emt 0:01:06]} Be7 {[%emt 0:03:35]} 16. f5 {[%emt 0:01:48]} Kh8 {[%emt 0:04:21]} 17. Qh5 {[%emt 0:01:36]} Bd5 {[%emt 0:01:45]} 18. Na3 {[%emt 0:07:11]} Rg8 {[%emt 0:06:28]} 19. c4 {[%emt 0:11:26]} Rg5 {[%emt 0:02:27]} 20. Qh3 {[%emt 0:02:05]} Bc6 {[%emt 0:03:18]} 21. d5 {[%emt 0:03:27]} exd5 {[%emt 0:01:51]} 22. cxd5 {[%emt 0:00:03]} Bxd5 {[%emt 0:00:17]} 23. Nb5 {[%emt 0:00:05]} Qe5 {[%emt 0:02:28]} 24. Nc3 {[%emt 0:00:05]} b5 {[%emt 0:08:33]} 25. Rad1 {[%emt 0:02:16]} Bc6 {[%emt 0:02:04]} 26. Rf4 {[%emt 0:02:47]} Rd8 {[%emt 0:07:02]} 27. Nf1 {[%emt 0:00:18]} Rxd1 {[%emt 0:03:14]} 28. Nxd1 {[%emt 0:00:01]} Bd7 {[%emt 0:05:02]} 29. Ng3 {[%emt 0:00:52]} Qd5 {[%emt 0:01:02]} 30. Nc3 {[%emt 0:03:20]} Qd3 {[%emt 0:03:01]} 31. Rxe4 {[%emt 0:12:37]} Bf8 {[%emt 0:00:42]} 32. Rf4 {[%emt 0:03:29]} Qxe3+ {[%emt 0:01:11]} 33. Rf2 {[%emt 0:00:01]} c4 {[%emt 0:02:06]} 34. Nd5 {[%emt 0:04:55]} Qd4 {[%emt 0:02:01]} 35. Nxf6 {[%emt 0:01:50]} Qxf6 {[%emt 0:00:16]} 36. Ne4 {[%emt 0:00:03]} Qd4 {[%emt 0:00:36]} 0-1

[Event "EYTCC U18 Open 2019"]
[Site "Pardubice"]
[Date "2019.07.14"]
[Round "4.35"]
[White "Schmidek, Emil"]
[Black "Grieve, Harry"]
[Result "1-0"]
[WhiteElo "2391"]
[BlackElo "2235"]
[Annotator "NA"]
[PlyCount "145"]
[EventDate "2019.07.11"]
[EventType "swiss"]
[EventCountry "CZE"]
[SourceTitle "playchess.com"]
[Source "ChessBase"]
[SourceQuality "1"]
[WhiteTeam "Germany"]
[BlackTeam "England"]
[WhiteTeamCountry "GER"]
[BlackTeamCountry "ENG"]
[TimeControl "40/5400+30:1800+30"]

1. e4 {[%emt 0:00:00]} c5 {[%emt 0:00:00]} 2. Nf3 {[%emt 0:00:00]} e6 {[%emt 0:00:24]} 3. d4 {[%emt 0:00:00]} cxd4 {[%emt 0:00:05]} 4. Nxd4 {[%emt 0:00:00]} Nc6 {[%emt 0:00:04]} 5. Nc3 {[%emt 0:00:01]} Qc7 {[%emt 0:00:06]} 6. Be3 {[%emt 0:00:07]} a6 {[%emt 0:00:23]} 7. Qd2 {[%emt 0:00:11]} Nf6 {[%emt 0:00:44]} 8. O-O-O {[%emt 0:00:26]} Bb4 {[%emt 0:00:14]} 9. f3 {[%emt 0:00:13]} Ne5 {[%emt 0:00:12]} 10. Nb3 {[%emt 0:03:55]} b5 {[%emt 0:00:06]} 11. Qe1 {[%emt 0:00:14]} Be7 {[%emt 0:00:28]} 12. f4 {[%emt 0:02:44]} Ng6 {[%emt 0:00:05]} 13. e5 {[%emt 0:00:08]} Ng4 {[%emt 0:00:05]} 14. Ne4 {[%emt 0:00:11]} Nxe3 {[%emt 0:00:16]} 15. Qxe3 {[%emt 0:00:02]} O-O {[%emt 0:00:34]} 16. Nd6 {[%emt 0:11:31]} Bb7 {[%emt 0:07:26]} 17. Rg1 {[%emt 0:21:53]} Bd5 {[%emt 0:08:19]} 18. Nf5 {[%emt 0:14:12]} a5 {[%emt 0:12:29]} 19. Nxe7+ {[%emt 0:03:48]} Nxe7 {[%emt 0:00:07]} 20. Qc5 {[%emt 0:00:16]} Rfc8 {[%emt 0:00:50]} 21. Qxc7 {[%emt 0:02:38]} Rxc7 {[%emt 0:00:02]} 22. Bxb5 {[%emt 0:02:00]} a4 {[%emt 0:06:31]} 23. Nd4 {[%emt 0:05:45]} Bxa2 {[%emt 0:01:56]} 24. Rd3 {[%emt 0:05:03]} Nd5 {[%emt 0:14:26]} 25. Ra3 {[%emt 0:03:09]} Bc4 {[%emt 0:00:12]} 26. g3 {[%emt 0:01:45]} Bxb5 {[%emt 0:03:25]} 27. Nxb5 {[%emt 0:00:06]} Rc5 {[%emt 0:01:42]} 28. Nd6 {[%emt 0:01:30]} f6 {[%emt 0:03:43]} 29. exf6 {[%emt 0:03:45]} gxf6 {[%emt 0:01:08]} 30. Rd1 {[%emt 0:05:50]} Rc6 {[%emt 0:22:00]} 31. Nf5 {[%emt 0:07:47]} Kf7 {[%emt 0:05:19]} 32. Nd4 {[%emt 0:02:43]} Rc4 {[%emt 0:04:33]} 33. b3 {[%emt 0:03:26]} Rb4 {[%emt 0:01:11]} 34. Rd3 {[%emt 0:00:52]} Rc8 {[%emt 0:05:04]} 35. Rxa4 {[%emt 0:00:39]} Rxa4 {[%emt 0:00:37]} 36. bxa4 {[%emt 0:00:01]} Rc4 {[%emt 0:01:29]} 37. a5 {[%emt 0:00:31]} Nb4 {[%emt 0:00:42]} 38. Rd2 {[%emt 0:00:33]} d5 {[%emt 0:00:47]} 39. Kb2 {[%emt 0:00:45]} e5 {[%emt 0:00:57]} 40. fxe5 {[%emt 0:00:16]} fxe5 {[%emt 0:00:10]} 41. Nf3 {[%emt 0:02:56]} Ke6 {[%emt 0:02:33]} 42. Ng5+ {[%emt 0:07:27]} Kf5 {[%emt 0:02:29]} 43. Nxh7 {[%emt 0:02:11]} e4 {[%emt 0:05:42]} 44. Rf2+ {[%emt 0:03:19]} Ke5 {[%emt 0:00:01]} 45. Ng5 {[%emt 0:00:56]} Nc6 {[%emt 0:09:28]} 46. h4 {[%emt 0:05:20]} Rb4+ {[%emt 0:02:24]} 47. Kc1 {[%emt 0:03:18]} Nxa5 {[%emt 0:02:13]} 48. h5 {[%emt 0:00:44]} e3 {[%emt 0:02:35]} 49. Rh2 {[%emt 0:06:11]} Nc4 {[%emt 0:05:12]} 50. h6 {[%emt 0:00:18]} Rb8 {[%emt 0:02:28]} 51. h7 {[%emt 0:00:34]} e2 {[%emt 0:00:19]} 52. Rxe2+ {[%emt 0:00:54]} Kf6 {[%emt 0:00:09]} 53. Rh2 {[%emt 0:02:26]} Rh8 {[%emt 0:00:12]} 54. Nf3 {[%emt 0:00:10]} Kg6 {[%emt 0:01:37]} 55. Nh4+ {[%emt 0:01:03]} Kg5 {[%emt 0:00:39]} 56. Ng2 {[%emt 0:00:35]} Kg4 {[%emt 0:00:34]} 57. Rh6 {[%emt 0:00:05]} Kxg3 {[%emt 0:00:30]} 58. Nh4 {[%emt 0:00:04]} Ne5 {[%emt 0:00:04]} 59. Ng6 {[%emt 0:00:19]} Nxg6 {[%emt 0:00:49]} 60. Rxg6+ {[%emt 0:00:03]} Kf4 {[%emt 0:00:17]} 61. Rh6 {[%emt 0:00:10]} Ke3 {[%emt 0:00:48]} 62. Kd1 {[%emt 0:00:46]} Kd4 {[%emt 0:00:34]} 63. Kd2 {[%emt 0:00:05]} Kc4 {[%emt 0:00:13]} 64. c3 {[%emt 0:00:23]} d4 {[%emt 0:00:35]} 65. Rh4 {[%emt 0:00:05]} Kc5 {[%emt 0:00:03]} 66. cxd4+ {[%emt 0:00:11]} Kd5 {[%emt 0:00:03]} 67. Kd3 {[%emt 0:00:04]} Kd6 {[%emt 0:00:03]} 68. Rh5 {[%emt 0:00:04]} Ke6 {[%emt 0:00:05]} 69. d5+ {[%emt 0:00:04]} Kd6 {[%emt 0:00:09]} 70. Kd4 {[%emt 0:00:03]} Kd7 {[%emt 0:00:04]} 71. Rh6 {[%emt 0:00:04]} Kc8 {[%emt 0:00:25]} 72. Ke5 {[%emt 0:00:04]} Kd7 {[%emt 0:00:10]} 73. Kf6 {[%emt 0:00:04]} 1-0